Nová velká kniha o dítěti vše, co musejí rodiče znát

Podrobná bibliografia
Ďalší autori: Harantová, Emílie (Prekladateľ)
Médium: Kniha
Jazyk:čeština
nemčina
Fyzický popis:372 s. fareb. fotogr., tab. 23 cm
Vydavateľské údaje: Bratislava Aktuell 2017
ISBN:9788081720185 (viaz.)
Predmet:

MARC

LEADER 00000cam a2200000 a 4500
001 vtls011724739
003 SK-MaSNL
005 20260302020655.0
008 200507s2017 xo oa g 001 0 cze
015 |a SNBA2018/01 
020 |a 9788081720185 (viaz.) 
035 |a urn:nbn:sk:snk-am00e0k2 
035 |a urn:nbn:sk:snk-am3iamc 
035 |a 2A9D5ADD-7E41-4539-9109-9BE85F5839CD 
040 |a SNK  |b slo  |c SNK  |e AACR2 
041 1 |a cze  |h ger 
044 |a xo  |c SK 
072 7 |a 613  |x Hygiena. Ľudské zdravie  |2 konspekt 
080 |a 618.2/.3  |2 2011 
080 |a 618.4/.5  |2 2011 
080 |a 613.952/.953  |2 2011 
080 |a 613.952/.954  |2 2011 
080 |a (035)  |2 2011 
130 4 |a Das neue große Babybuch  |l Česky  |9 663949 
245 1 0 |a Nová velká kniha o dítěti  |b vše, co musejí rodiče znát  |c [překlad: Emilie Harantová] 
260 |a Bratislava  |b Aktuell  |c 2017 
300 |a 372 s.  |b fareb. fotogr., tab.  |c 23 cm 
500 |a Preložené z nemeckého originálu 
504 |a Internetové adresy ; register 
650 0 7 |a tehotenstvo  |2 SNKPH  |9 2477 
650 0 7 |a Pregnancy  |2 SNKPHeng  |9 291379 
650 0 7 |a pôrod  |2 SNKPH  |9 3957 
650 0 7 |a raná starostlivosť o dieťa  |2 SNKPH  |9 84199 
650 0 7 |a Childbirth  |2 SNKPHeng  |9 331738 
650 0 7 |a Early child care  |2 SNKPHeng  |9 331225 
650 0 7 |a starostlivosť o dieťa  |2 SNKPH  |9 2563 
650 0 7 |a Child care  |2 SNKPHeng  |9 265361 
655 7 |a príručky  |2 SNKPH  |9 74364 
655 7 |a Handbooks, manuals, etc.  |2 SNKPHeng  |9 90964 
700 1 |a Harantová, Emílie  |4 trl  |9 61706 
852 |a Štátna vedecká knižnica v Banskej Bystrici 
919 |a 978-80-8172-018-5 
958 |a OP 
968 |a Čes  |b DT 
999 |c 1025975  |d 1027905 
952 |a SNK  |b SNK  |y PREZ  |7 0  |p 17A1305955  |o snkSC 177273  |i snk2017/27427  |8 0  |0 0  |1 0  |4 0  |d 2017-12-11  |f 1  |l 0  |r 2025-09-18 00:00:00  |w 2026-02-24 
952 |a SNK  |b SNK  |y VYP  |7 0  |p 17A1305956  |o snkSC 177273 D1  |i snk2017/27428  |8 0  |0 0  |1 0  |4 0  |d 2017-12-11  |l 0  |r 2026-02-24 13:38:30  |w 2026-02-24